Nota Kasih SMART PARENTS / /

Bibliographic Details
Main Author: Ibu Rose, 1960- (Author)
Other Authors: Norashikin Wahid
Format: Book
Language:Malay
Subjects:
LEADER 00972cam a2200325 7i4500
001 0000069493
005 20200925090000.0
005 ##20200925122200.0
003 ##MY-KlINT
008 200918t20192019my ao g 000 0 may d
020 # # |a 9789674812812  
039 # 9 |a 202009251222  |b rozila  |c 202009220824  |d Amir  |y 202009180831  |z rozila 
040 # # |a ELMU 
049 # # |a mal 
082 0 0 |a 649.1 
090 0 0 |a 649.1   |b IBU 
100 1 # |a Ibu Rose,   |d 1960-   |e author 
245 1 0 |a Nota Kasih SMART PARENTS / /   |c IBU ROSE ; Editor Senior: Norashikin Wahid. 
264 # 0 |a Batu Caves, Selangor  |b PTS PUBLISHING HOUSE SENDIRIAN BERHAD  |c 2019 
264 # 0 |c ♭2019 
300 # # |a 192 pages:   |b illustrations, photographs;   |c 19cm. 
336 # # |a text  |2 rdacontent 
337 # # |a unmediated  |2 rdamedia 
338 # # |a volume  |2 rdacarrier 
583 # # |a LULUS 
650 # 0 |a Parenthood  
650 # 0 |a Parent and child  
650 # 0 |a Parenting  
650 # 0 |a Child rearing  
700 0 # |a Norashikin Wahid